00908cam a2200253 450000100060000000300080000600500170001400800410003102000150007203500230008703500190011004000280012904100080015708200200016510000390018524500760022426000550030030000310035560000430038665000640042994200120049399900170050595201320052224122BD-RjUL20211209001019.0140312s1970 enk 000 0 eng u a0701202521 a(OCoLC)ocm01210185 a(BD-RjUL)24188 cBNGdOCLdZCUaBNGbeng aeng00a928.2bWOG 19701 aWoolf, Leonard,d1880-1969.91476210aGrowing :ban autobiography of the years 1904-1911 /cby Leonard Woolf. aLondon :bHogarth Press,c c1961 [Reprinted 1970]. a256 p. :billus. ;c23 cm.1 a Woolf, Leonard, -- 1880-1969. 914762 7aPolitical scientists -- Great Britain -- Biography. 974318 2ddccBK c24122d24122 00102ddc4072aRUCLbRUCLcReadingd1975-03-05eBlack Wellg1.75l0o928.2 WOG 1970r2014-03-12 00:00:00tC-1w2014-03-12yBK